La Reproducció i la herència en el bestiar / per M. Rossell i Vilà
Descripción Física:
69 p. ; 24 cm
Colección:
Textos d'ensenyament postal agrícola
Materias:
Bestiar -- Reproducció
MARC
| LEADER | 00000nam a2200000Ia 4500 | ||
|---|---|---|---|
| 001 | 392 | ||
| 008 | 160829s1922 xx 000 0 cat d | ||
| 080 | |a C-1-450 | ||
| 100 | |a Rossell i Vilar, Pere Màrtir |9 29189 | ||
| 245 | |a La Reproducció i la herència en el bestiar / per M. Rossell i Vilà | ||
| 260 | |a Barcelona : |b Escola Superior d'Agricultura, |c 1922 | ||
| 300 | |a 69 p. ; |c 24 cm | ||
| 490 | |a Textos d'ensenyament postal agrícola | ||
| 590 | |a A la part superior de la portada: Mancomunitat de Catalunya. Departament d'Agricultura. | ||
| 590 | |a Hi ha un duplicat a: DUP-253 | ||
| 650 | |a Bestiar |x Reproducció |9 29191 | ||
| 710 | 2 | |a Catalunya. |b Mancomunitat |9 53015 | |
| 710 | 1 | |a Catalunya. |b Departament d'Agricultura |9 55594 | |
| 710 | 2 | |a Escola Superior d'Agricultura de Barcelona |9 70055 | |
| 856 | 4 | |u https://media.diba.cat/diba/fitxers/arxiu/mancomunitat/bib_392_baixa.pdf |y Accés lliure | |
| 901 | |a Arxiu | ||
| 942 | |n 1 |2 udc | ||
| 952 | |0 0 |1 0 |4 0 |6 C1450 |7 1 |9 45095 |a Arxiu |b Arxiu |d 2016-12-01 |l 0 |o C-1-450 |p 392 |r 2016-12-01 00:00:00 |w 2016-12-01 |y ARXIU | ||
| 999 | |c 47715 |d 47715 | ||
| 900 | |a bib_392_baixa.pdf | ||